000
00491nam a2200133Ia 4500
008
100328s9999 xx 000 0 und d
082
_b
50405
100
_a
काळे जयराम
245
_a
पंचायती राज अनुदान योजना.
260
_b
मनोविकास
630
_a
पंचायती राज अनुदान योजना.
730
_a
पंचायती राज अनुदान योजना.
942
_c
BOOK
999
_c
537548
_d
537545